Programacion Basic (Registro nro. 4051)

Detalles MARC
000 -LEADER
fixed length control field 01002 a2200241 4500
001 - CONTROL NUMBER
control field 45887
005 - DATE AND TIME OF LATEST TRANSACTION
control field 20260407155731.0
008 - FIXED-LENGTH DATA ELEMENTS--GENERAL INFORMATION
fixed length control field 260407a1985 arg spa d
003 - CONTROL NUMBER IDENTIFIER
control field AR-UNSa-BCEJYS
040 ## - CATALOGING SOURCE
Original cataloging agency AR-UNSa-BCEJYS
Language of cataloging spa
Transcribing agency AR-UNSa-BCEJYS
080 ## - UNIVERSAL DECIMAL CLASSIFICATION NUMBER
Universal Decimal Classification number 004
Common auxiliary subdivision Ciencia y tecnología de los ordenadores. Informática
020 ## - INTERNATIONAL STANDARD BOOK NUMBER
International Standard Book Number 968-18-0853-3
100 1# - MAIN ENTRY--PERSONAL NAME
Personal name Corona Rodriguez, Hortensia
245 10 - TITLE STATEMENT
Title Programacion Basic
Name of part/section of a work complemento del texto : Principios de procesamiento de datos
264 #1 - PRODUCTION, PUBLICATION, DISTRIBUTION, MANUFACTURE, AND COPYRIGHT NOTICE
Place of production, publication, distribution, manufacture México :
Name of producer, publisher, distributor, manufacturer Limusa
Date of production, publication, distribution, manufacture, or copyright notice 1985
300 ## - PHYSICAL DESCRIPTION
Extent 118 p.
Dimensions 27 cm.
505 ## - FORMATTED CONTENTS NOTE
Formatted contents note 1. Procesamiento en terminales mediante el uso del lenguaje BASIC – 2. Elementos esenciales de un programa BASIC – 3. Cómo escribir programas simples en BASIC – 4. El enunciado PRINT y sus opciones – 5. Ciclos y ordenaciones – 6. Funciones y subrutinas -
590 ## - LOCAL NOTE (RLIN)
Local note niveau_biblio:m niveau_hierar:0
700 1# - ADDED ENTRY--PERSONAL NAME
Personal name Stern, Nancy B.
700 1# - ADDED ENTRY--PERSONAL NAME
Personal name Stern, Robert A.
700 1# - ADDED ENTRY--PERSONAL NAME
Personal name Perez Segui, Enrique
942 ## - ADDED ENTRY ELEMENTS (KOHA)
Koha item type
Existencias
Withdrawn status Lost status Damaged status Not for loan Home library Current library Shelving location Date acquired Total checkouts Full call number Barcode Date last seen Price effective from Koha item type
        Biblioteca Prof. Eusebio Cleto del Rey Biblioteca Prof. Eusebio Cleto del Rey   07/04/2026   004 S839 L45856 07/04/2026 07/04/2026 Libro
        Biblioteca Prof. Eusebio Cleto del Rey Biblioteca Prof. Eusebio Cleto del Rey   07/04/2026   004 S839 L45857 07/04/2026 07/04/2026 Libro
        Biblioteca Prof. Eusebio Cleto del Rey Biblioteca Prof. Eusebio Cleto del Rey   07/04/2026   004 S839 L45853 07/04/2026 07/04/2026 Libro
        Biblioteca Prof. Eusebio Cleto del Rey Biblioteca Prof. Eusebio Cleto del Rey   07/04/2026   004 S839 L45854 07/04/2026 07/04/2026 Libro